| 000 | 00654nam a2200205Ia 4500 | ||
|---|---|---|---|
| 005 | 20251020182611.0 | ||
| 008 | 200515s9999 xx 000 0 und d | ||
| 082 | _aSC/634.0.83/P45 | ||
| 110 | _aIninvi | ||
| 245 | 0 | _aAgrupamiento de maderas para uso estructural : Norma y comentarios | |
| 260 | _aLima | ||
| 260 | _c1989 | ||
| 300 | _as.n. | ||
| 520 | _aEstablece la norma de agrupamiento de madera para uso estructural y fija los requisitos y el procedimiento que deberá seguir para la incorporación de especies a los grupos establecidos | ||
| 650 | _aE-101 | ||
| 650 | _aMADERA | ||
| 650 | _aNORMAS | ||
| 650 | _aPUB ININVI | ||
| 942 | _cLIB | ||
| 999 |
_c3334 _d3334 |
||